[Event "msr2018"]
[Site "?"]
[Date "2018.04.24"]
[Round "5.1"]
[White "Jakab, Bela"]
[Black "Sahidi, Samir"]
[Result "1/2-1/2"]
[BlackElo "2238"]
[WhiteElo "2258"]
[LiveChessVersion "1.4.8"]

1. e4 {[%clk 1:30:57]} c5 {[%clk 1:30:41]} 2. c3 {[%clk 1:31:20]} Nf6
{[%clk 1:28:52]} 3. e5 {[%clk 1:31:37]} Nd5 {[%clk 1:28:56]} 4. Bc4
{[%clk 1:31:35]} Nb6 {[%clk 1:28:37]} 5. Bb3 {[%clk 1:31:56]} d6 {[%clk 1:25:53]}
6. exd6 {[%clk 1:30:28]} Qxd6 {[%clk 1:24:01]} 7. Nf3 {[%clk 1:29:02]} Nc6
{[%clk 1:21:06]} 8. O-O {[%clk 1:26:56]} Bf5 {[%clk 1:19:53]} 9. d4
{[%clk 1:25:37]} e6 {[%clk 1:19:07]} 10. Na3 {[%clk 1:22:46]} Qd7
{[%clk 1:04:43]} 11. Ne5 {[%clk 1:06:42]} Nxe5 {[%clk 1:03:02]} 12. dxe5
{[%clk 1:06:13]} Bd3 {[%clk 1:00:06]} 13. Re1 {[%clk 1:04:36]} c4
{[%clk 1:00:01]} 14. Bc2 {[%clk 1:04:40]} Bxa3 {[%clk 0:58:18]} 15. bxa3
{[%clk 1:05:04]} Bxc2 {[%clk 0:55:49]} 16. Qxc2 {[%clk 1:05:27]} Qd3
{[%clk 0:55:42]} 17. Qxd3 {[%clk 0:57:27]} cxd3 {[%clk 0:56:00]} 18. Rd1
{[%clk 0:57:51]} O-O-O {[%clk 0:54:29]} 19. Be3 {[%clk 0:53:41]} Nc4
{[%clk 0:47:54]} 20. Bd4 {[%clk 0:53:41]} d2 {[%clk 0:45:02]} 21. Rab1
{[%clk 0:52:25]} Rd5 {[%clk 0:31:15]} 22. f4 {[%clk 0:50:15]} Nxa3
{[%clk 0:29:24]} 23. Rb4 {[%clk 0:44:40]} Nb5 {[%clk 0:26:19]} 24. Kf2
{[%clk 0:39:11]} b6 {[%clk 0:22:04]} 25. a4 {[%clk 0:37:11]} Nc7 {[%clk 0:22:04]}
26. Rxd2 {[%clk 0:36:11]} Rhd8 {[%clk 0:21:50]} 27. g4 {[%clk 0:33:44]} Kb7
{[%clk 0:19:55]} 28. Kf3 {[%clk 0:30:39]} Na6 {[%clk 0:18:12]} 29. Rb1
{[%clk 0:29:29]} Kc6 {[%clk 0:17:09]} 30. h4 {[%clk 0:26:53]} Nc5
{[%clk 0:15:16]} 31. Ra2 {[%clk 0:26:23]} g6 {[%clk 0:13:12]} 32. Ke3
{[%clk 0:21:16]} Nb7 {[%clk 0:12:08]} 33. Ke4 {[%clk 0:19:40]} Rh8
{[%clk 0:10:31]} 34. f5 {[%clk 0:17:04]} gxf5+ {[%clk 0:10:14]} 35. gxf5
{[%clk 0:17:27]} Nc5+ {[%clk 0:09:52]} 36. Ke3 {[%clk 0:15:22]} Rg8
{[%clk 0:09:26]} 37. Rf1 {[%clk 0:13:49]} Nd7 {[%clk 0:07:05]} 38. Kf4
{[%clk 0:09:20]} h5 {[%clk 0:06:25]} 39. Ke4 {[%clk 0:08:22]} Nc5+
{[%clk 0:05:40]} 40. Ke3 {[%clk 0:08:18]} Rg3+ {[%clk 0:04:35]} 41. Rf3
{[%clk 0:08:27]} Rg4 {[%clk 0:03:47]} 42. Rf4 {[%clk 0:07:41]} Rg3+
{[%clk 0:19:46]} 43. Rf3 {[%clk 0:38:11]} Rg4 {[%clk 0:17:25]} 44. Rf4
{[%clk 0:38:33]} exf5 {[%clk 0:17:16]} 45. Rxf5 {[%clk 0:38:49]} Rxh4
{[%clk 0:17:07]} 46. Rxf7 {[%clk 0:38:54]} Rd7 {[%clk 0:15:59]} 47. Rxd7
{[%clk 0:38:08]} Kxd7 {[%clk 0:15:35]} 48. a5 {[%clk 0:36:24]} Kc6
{[%clk 0:14:21]} 49. axb6 {[%clk 0:36:40]} axb6 {[%clk 0:14:45]} 50. Bxc5
{[%clk 0:34:00]} bxc5 {[%clk 0:13:26]} 51. Rd2 {[%clk 0:33:22]} Rh3+
{[%clk 0:10:25]} 52. Kf4 {[%clk 0:32:52]} Rxc3 {[%clk 0:09:52]} 53. e6
{[%clk 0:31:45]} Rc1 {[%clk 0:09:54]} 54. Re2 {[%clk 0:31:44]} Rf1+
{[%clk 0:10:12]} 55. Kg5 {[%clk 0:32:05]} Rf8 {[%clk 0:09:25]} 56. e7
{[%clk 0:32:16]} Re8 {[%clk 0:09:25]} 57. Kf6 {[%clk 0:32:25]} Kd5
{[%clk 0:07:44]} 58. Kf7 {[%clk 0:28:52]} Rxe7+ {[%clk 0:07:10]} 59. Rxe7
{[%clk 0:28:18]} c4 {[%clk 0:07:03]} 60. Kg6 {[%clk 0:28:08]} Kd4
{[%clk 0:06:41]} 61. Kf5 {[%clk 0:27:08]} c3 {[%clk 0:06:04]} 62. Rd7+
{[%clk 0:27:32]} Ke3 {[%clk 0:06:11]} 63. Rc7 {[%clk 0:27:22]} Kd2
{[%clk 0:06:19]} 64. Kg5 {[%clk 0:27:15]} c2 {[%clk 0:06:38]} 65. Rxc2+
{[%clk 0:27:39]} Kxc2 {[%clk 0:07:04]} 66. Kxh5 {[%clk 0:28:06]} 1/2-1/2

[Event "msr2018"]
[Site "?"]
[Date "2018.04.24"]
[Round "5.2"]
[White "Durica, Adam"]
[Black "Haring, Filip"]
[Result "0-1"]
[BlackElo "2339"]
[WhiteElo "1890"]
[LiveChessVersion "1.4.8"]

1. e4 {[%clk 1:30:51]} c5 {[%clk 1:30:54]} 2. Nf3 {[%clk 1:31:14]} e6
{[%clk 1:31:12]} 3. Nc3 {[%clk 1:31:32]} Nc6 {[%clk 1:31:18]} 4. Be2
{[%clk 1:31:44]} Nf6 {[%clk 1:30:36]} 5. O-O {[%clk 1:31:03]} e5 {[%clk 1:30:10]}
6. d3 {[%clk 1:30:18]} Be7 {[%clk 1:29:47]} 7. Ne1 {[%clk 1:26:25]} d5
{[%clk 1:26:23]} 8. f4 {[%clk 1:25:16]} d4 {[%clk 1:17:59]} 9. Nb1
{[%clk 1:14:55]} exf4 {[%clk 1:18:25]} 10. Bxf4 {[%clk 1:14:56]} O-O
{[%clk 1:18:47]} 11. Nd2 {[%clk 1:14:52]} Be6 {[%clk 1:17:15]} 12. g4
{[%clk 1:05:08]} Nd7 {[%clk 1:13:46]} 13. Ng2 {[%clk 1:03:58]} Nde5
{[%clk 1:12:17]} 14. Bxe5 {[%clk 1:03:36]} Nxe5 {[%clk 1:12:27]} 15. Nf4
{[%clk 1:03:52]} Bg5 {[%clk 1:09:31]} 16. h3 {[%clk 1:02:53]} Qd6
{[%clk 1:00:27]} 17. Ng2 {[%clk 0:50:33]} h5 {[%clk 0:50:55]} 18. Nc4
{[%clk 0:46:29]} Nxc4 {[%clk 0:39:45]} 19. dxc4 {[%clk 0:46:51]} hxg4
{[%clk 0:40:12]} 20. hxg4 {[%clk 0:46:47]} g6 {[%clk 0:36:11]} 21. Qd3
{[%clk 0:42:39]} Kg7 {[%clk 0:35:15]} 22. Qf3 {[%clk 0:41:15]} Rh8
{[%clk 0:33:18]} 23. Nf4 {[%clk 0:41:37]} Rh4 {[%clk 0:30:43]} 24. Nxe6+
{[%clk 0:41:27]} fxe6 {[%clk 0:26:07]} 25. Rf2 {[%clk 0:40:31]} Rah8
{[%clk 0:18:43]} 26. Qf7+ {[%clk 0:35:57]} Kh6 {[%clk 0:19:08]} 27. Bf3
{[%clk 0:36:02]} Rf8 {[%clk 0:15:22]} 28. e5 {[%clk 0:35:35]} Rxf7
{[%clk 0:15:48]} 29. exd6 {[%clk 0:35:58]} Be3 {[%clk 0:16:14]} 30. Kg2
{[%clk 0:35:38]} Bxf2 {[%clk 0:16:07]} 31. Kxf2 {[%clk 0:36:00]} Rh3
{[%clk 0:16:24]} 32. g5+ {[%clk 0:36:07]} Kxg5 {[%clk 0:14:34]} 33. Kg2
{[%clk 0:34:51]} Rhxf3 {[%clk 0:13:03]} 34. d7 {[%clk 0:35:12]} Kg4
{[%clk 0:13:18]} 0-1

[Event "msr2018"]
[Site "?"]
[Date "2018.04.24"]
[Round "5.3"]
[White "Sandor, Martin"]
[Black "Ferencak, Jakub"]
[Result "1-0"]
[BlackElo "1974"]
[WhiteElo "1964"]
[LiveChessVersion "1.4.8"]

1. e4 {[%clk 1:30:58]} e5 {[%clk 1:30:52]} 2. Nf3 {[%clk 1:31:18]} Nc6
{[%clk 1:31:17]} 3. Bc4 {[%clk 1:31:35]} Bc5 {[%clk 1:31:13]} 4. c3
{[%clk 1:31:59]} Nf6 {[%clk 1:30:42]} 5. d3 {[%clk 1:32:22]} O-O {[%clk 1:30:37]}
6. O-O {[%clk 1:32:27]} d6 {[%clk 1:25:55]} 7. h3 {[%clk 1:32:23]} h6
{[%clk 1:26:04]} 8. Re1 {[%clk 1:29:40]} a6 {[%clk 1:13:16]} 9. Bb3
{[%clk 1:29:44]} Re8 {[%clk 1:13:19]} 10. Nbd2 {[%clk 1:28:30]} Ne7
{[%clk 1:10:17]} 11. Nf1 {[%clk 1:23:30]} Ng6 {[%clk 1:10:01]} 12. Ng3
{[%clk 1:22:33]} c6 {[%clk 1:09:01]} 13. Be3 {[%clk 1:18:58]} Bb6
{[%clk 0:59:50]} 14. Bxf7+ {[%clk 0:56:51]} Kxf7 {[%clk 0:53:40]} 15. Qb3+
{[%clk 0:57:16]} Be6 {[%clk 0:53:52]} 16. Qxb6 {[%clk 0:56:40]} Qd7
{[%clk 0:53:56]} 17. d4 {[%clk 0:55:25]} exd4 {[%clk 0:20:11]} 18. Bxd4
{[%clk 0:50:36]} Rab8 {[%clk 0:15:08]} 19. Rad1 {[%clk 0:48:33]} Bxh3
{[%clk 0:10:53]} 20. gxh3 {[%clk 0:31:45]} Qxh3 {[%clk 0:11:15]} 21. Bxf6
{[%clk 0:26:00]} gxf6 {[%clk 0:11:36]} 22. Qc7+ {[%clk 0:21:41]} Ne7
{[%clk 0:03:28]} 23. Rxd6 {[%clk 0:19:15]} Rbc8 {[%clk 0:03:43]} 24. Qd7
{[%clk 0:19:30]} f5 {[%clk 0:03:04]} 25. Qe6+ {[%clk 0:17:39]} Kg7
{[%clk 0:02:55]} 26. Rd7 {[%clk 0:17:22]} Qg4 {[%clk 0:02:29]} 27. Rxe7+
{[%clk 0:17:43]} Rxe7 {[%clk 0:02:55]} 28. Qxe7+ {[%clk 0:18:03]} Kh8
{[%clk 0:03:00]} 29. Qf6+ {[%clk 0:18:27]} 1-0

[Event "msr2018"]
[Site "?"]
[Date "2018.04.24"]
[Round "5.4"]
[White "Franko, Ondrej"]
[Black "Bielik, Jakub"]
[Result "1/2-1/2"]
[BlackElo "1939"]
[WhiteElo "1968"]
[LiveChessVersion "1.4.8"]

1. e4 {[%clk 1:30:56]} e6 {[%clk 1:30:54]} 2. d4 {[%clk 1:31:22]} d5
{[%clk 1:31:21]} 3. Nc3 {[%clk 1:31:48]} dxe4 {[%clk 1:31:35]} 4. Nxe4
{[%clk 1:32:14]} Bd7 {[%clk 1:32:00]} 5. Nf3 {[%clk 1:32:35]} Bc6
{[%clk 1:32:25]} 6. Bd3 {[%clk 1:32:01]} Nd7 {[%clk 1:32:40]} 7. c3
{[%clk 1:30:40]} Ngf6 {[%clk 1:32:59]} 8. Nxf6+ {[%clk 1:30:35]} Nxf6
{[%clk 1:33:20]} 9. Bf4 {[%clk 1:26:49]} Bxf3 {[%clk 1:31:34]} 10. Qxf3
{[%clk 1:27:02]} c6 {[%clk 1:32:00]} 11. O-O-O {[%clk 1:20:32]} Be7
{[%clk 1:28:57]} 12. Kb1 {[%clk 1:16:42]} Qb6 {[%clk 1:26:33]} 13. g4
{[%clk 1:15:20]} Nd5 {[%clk 1:18:31]} 14. Bd2 {[%clk 1:15:39]} Ba3
{[%clk 1:17:00]} 15. b3 {[%clk 1:14:51]} Be7 {[%clk 0:56:04]} 16. h4
{[%clk 1:13:13]} a5 {[%clk 0:56:19]} 17. Kc2 {[%clk 1:09:28]} a4 {[%clk 0:53:37]}
18. Ra1 {[%clk 1:09:48]} c5 {[%clk 0:49:11]} 19. dxc5 {[%clk 1:04:46]} Qxc5
{[%clk 0:49:02]} 20. Bc4 {[%clk 1:04:00]} b5 {[%clk 0:43:17]} 21. Bxd5
{[%clk 1:02:01]} Qxd5 {[%clk 0:43:32]} 22. Qxd5 {[%clk 1:01:35]} exd5
{[%clk 0:43:58]} 23. h5 {[%clk 1:00:18]} Kd7 {[%clk 0:43:41]} 24. Be3
{[%clk 0:56:30]} Kc6 {[%clk 0:34:55]} 25. Bd4 {[%clk 0:55:37]} Bc5
{[%clk 0:31:50]} 26. Kd3 {[%clk 0:51:45]} Bxd4 {[%clk 0:28:37]} 27. Kxd4
{[%clk 0:52:06]} Rhe8 {[%clk 0:28:21]} 28. Rae1 {[%clk 0:51:13]} Kd6
{[%clk 0:27:12]} 29. f3 {[%clk 0:44:14]} Re6 {[%clk 0:26:30]} 30. Rxe6+
{[%clk 0:44:03]} fxe6 {[%clk 0:26:55]} 31. Re1 {[%clk 0:42:55]} axb3
{[%clk 0:25:02]} 32. axb3 {[%clk 0:43:18]} Ra2 {[%clk 0:23:52]} 33. b4
{[%clk 0:41:19]} Rd2+ {[%clk 0:20:32]} 34. Ke3 {[%clk 0:41:11]} Ra2
{[%clk 0:20:56]} 1/2-1/2

[Event "msr2018"]
[Site "?"]
[Date "2018.04.24"]
[Round "5.5"]
[White "Verbovsky, Michal"]
[Black "Steiniger, Florian"]
[Result "1-0"]
[BlackElo "1777"]
[WhiteElo "1924"]
[LiveChessVersion "1.4.8"]

1. e4 {[%clk 1:30:56]} e5 {[%clk 1:30:54]} 2. Nf3 {[%clk 1:31:06]} Nc6
{[%clk 1:31:15]} 3. Nc3 {[%clk 1:31:23]} f5 {[%clk 1:30:31]} 4. d3
{[%clk 1:20:04]} Nf6 {[%clk 1:29:37]} 5. Bg5 {[%clk 1:15:52]} Bb4
{[%clk 1:25:35]} 6. Nd2 {[%clk 1:09:49]} Bxc3 {[%clk 1:23:10]} 7. bxc3
{[%clk 1:10:04]} h6 {[%clk 1:23:25]} 8. Bxf6 {[%clk 1:09:25]} Qxf6
{[%clk 1:23:34]} 9. exf5 {[%clk 1:01:02]} Qxf5 {[%clk 1:19:05]} 10. Qf3
{[%clk 0:56:21]} d6 {[%clk 1:16:33]} 11. g3 {[%clk 0:55:21]} Qxf3
{[%clk 1:15:06]} 12. Nxf3 {[%clk 0:55:43]} Bg4 {[%clk 1:15:27]} 13. Bg2
{[%clk 0:55:07]} O-O {[%clk 1:13:09]} 14. Nd2 {[%clk 0:54:01]} Rad8
{[%clk 1:10:32]} 15. Bd5+ {[%clk 0:52:55]} Kh8 {[%clk 1:10:29]} 16. O-O
{[%clk 0:52:50]} Bh5 {[%clk 1:08:04]} 17. Rab1 {[%clk 0:48:56]} Rb8
{[%clk 1:07:23]} 18. Bxc6 {[%clk 0:43:10]} bxc6 {[%clk 1:07:42]} 19. Rb3
{[%clk 0:32:27]} Rb6 {[%clk 1:05:17]} 20. Ra3 {[%clk 0:26:23]} Rb2
{[%clk 1:01:05]} 21. Rc1 {[%clk 0:25:42]} Rb7 {[%clk 0:55:11]} 22. Ra6
{[%clk 0:24:55]} c5 {[%clk 0:54:33]} 23. c4 {[%clk 0:21:04]} Ra8 {[%clk 0:51:35]}
24. Ne4 {[%clk 0:19:59]} Rb6 {[%clk 0:48:40]} 25. Ra5 {[%clk 0:20:11]} Bf3
{[%clk 0:47:22]} 26. Nc3 {[%clk 0:19:48]} a6 {[%clk 0:45:40]} 27. Ra3
{[%clk 0:17:08]} Kg8 {[%clk 0:43:06]} 28. Rb3 {[%clk 0:17:21]} Rab8
{[%clk 0:43:21]} 29. Rcb1 {[%clk 0:16:59]} Kf7 {[%clk 0:42:59]} 30. Kf1
{[%clk 0:13:48]} Ke6 {[%clk 0:42:32]} 31. Ke1 {[%clk 0:13:49]} Bc6
{[%clk 0:38:47]} 32. a3 {[%clk 0:12:40]} a5 {[%clk 0:38:41]} 33. Nb5
{[%clk 0:10:17]} Bxb5 {[%clk 0:37:24]} 34. cxb5 {[%clk 0:10:34]} a4
{[%clk 0:37:05]} 35. R3b2 {[%clk 0:10:39]} c6 {[%clk 0:35:57]} 36. c4
{[%clk 0:10:55]} d5 {[%clk 0:35:11]} 37. Ke2 {[%clk 0:09:13]} Kd6
{[%clk 0:33:16]} 38. Ke3 {[%clk 0:08:25]} cxb5 {[%clk 0:32:24]} 39. Rxb5
{[%clk 0:05:03]} Rxb5 {[%clk 0:32:28]} 40. cxb5 {[%clk 0:05:23]} c4
{[%clk 0:31:14]} 41. dxc4 {[%clk 0:27:34]} dxc4 {[%clk 1:02:04]} 42. Rb4
{[%clk 0:27:00]} Kc5 {[%clk 1:00:17]} 43. Rxa4 {[%clk 0:26:44]} Rxb5
{[%clk 0:59:16]} 44. Ra7 {[%clk 0:14:02]} Rb3+ {[%clk 0:53:39]} 45. Ke4
{[%clk 0:13:19]} Rd3 {[%clk 0:52:17]} 46. Kxe5 {[%clk 0:11:03]} Rd2
{[%clk 0:50:30]} 47. Rc7+ {[%clk 0:09:24]} Kb5 {[%clk 0:50:12]} 48. Rxg7
{[%clk 0:07:57]} Rxf2 {[%clk 0:47:04]} 49. Rb7+ {[%clk 0:07:03]} Kc5
{[%clk 0:41:19]} 50. Rc7+ {[%clk 0:06:52]} Kb5 {[%clk 0:41:42]} 51. Kd4
{[%clk 0:06:23]} Rd2+ {[%clk 0:41:44]} 52. Kc3 {[%clk 0:05:47]} Rd3+
{[%clk 0:40:20]} 53. Kb2 {[%clk 0:05:50]} Rd2+ {[%clk 0:40:29]} 54. Kc3
{[%clk 0:05:18]} Rd3+ {[%clk 0:40:13]} 55. Kc2 {[%clk 0:03:25]} Rxa3
{[%clk 0:39:37]} 56. Rb7+ {[%clk 0:00:59]} Kc6 {[%clk 0:38:42]} 57. Rf7
{[%clk 0:01:15]} Kd5 {[%clk 0:36:17]} 58. Rf5+ {[%clk 0:01:13]} Ke4
{[%clk 0:33:46]} 59. Rf4+ {[%clk 0:01:26]} Ke3 {[%clk 0:32:37]} 60. Rh4
{[%clk 0:01:22]} Ra6 {[%clk 0:32:24]} 61. Kc3 {[%clk 0:01:07]} Ra3+
{[%clk 0:31:39]} 62. Kb4 {[%clk 0:01:10]} Ra2 {[%clk 0:24:37]} 63. Rxh6
{[%clk 0:01:17]} Rc2 {[%clk 0:24:13]} 64. h4 {[%clk 0:00:48]} Kd4
{[%clk 0:19:20]} 65. Rd6+ {[%clk 0:00:47]} Ke5 {[%clk 0:19:05]} 66. Rg6
{[%clk 0:01:00]} Kd4 {[%clk 0:18:46]} 67. Rd6+ {[%clk 0:00:54]} Ke5
{[%clk 0:19:05]} 68. Rd8 {[%clk 0:01:12]} Kf6 {[%clk 0:16:30]} 69. Rc8
{[%clk 0:00:38]} Rg2 {[%clk 0:15:39]} 70. Rg8 {[%clk 0:00:51]} Kf7
{[%clk 0:15:41]} 71. Rg5 {[%clk 0:01:14]} Rc2 {[%clk 0:15:47]} 72. h5
{[%clk 0:00:33]} c3 {[%clk 0:15:50]} 73. Kb3 Rc1 {[%clk 0:14:36]} 74. Rc5
{[%clk 0:00:38]} Kg7 {[%clk 0:14:15]} 75. g4 {[%clk 0:00:35]} Rg1
{[%clk 0:14:15]} 76. Rg5+ {[%clk 0:00:58]} Kh7 {[%clk 0:13:50]} 77. Kxc3
{[%clk 0:01:15]} Re1 {[%clk 0:13:03]} 78. Kd4 {[%clk 0:01:02]} Re7
{[%clk 0:12:16]} 79. Kd5 {[%clk 0:00:59]} Ra7 {[%clk 0:12:09]} 80. Rg6
{[%clk 0:01:08]} Ra5+ {[%clk 0:11:03]} 81. Ke4 {[%clk 0:01:26]} Ra4+
{[%clk 0:11:04]} 82. Kf3 {[%clk 0:01:20]} Rb4 {[%clk 0:10:54]} 83. Kg3
{[%clk 0:01:43]} Rb3+ {[%clk 0:11:02]} 84. Kh4 {[%clk 0:01:59]} Rb4
{[%clk 0:11:28]} 85. Re6 {[%clk 0:02:11]} Rb1 {[%clk 0:10:26]} 86. Kg5
{[%clk 0:02:23]} Rb8 {[%clk 0:08:46]} 87. Re7+ {[%clk 0:02:04]} Kh8
{[%clk 0:08:23]} 88. Kf6 {[%clk 0:02:21]} Rg8 {[%clk 0:06:01]} 89. g5
{[%clk 0:01:46]} Ra8 {[%clk 0:05:39]} 90. g6 {[%clk 0:01:41]} Ra6+
{[%clk 0:01:42]} 91. Kg5 {[%clk 0:01:01]} Ra5+ {[%clk 0:01:41]} 92. Kh6
{[%clk 0:00:48]} Ra8 {[%clk 0:01:43]} 93. Re5 {[%clk 0:00:54]} Rg8
{[%clk 0:01:23]} 94. Kg5 {[%clk 0:00:50]} Ra8 {[%clk 0:01:15]} 95. h6
{[%clk 0:00:49]} Rg8 {[%clk 0:01:05]} 96. Kf6 {[%clk 0:00:34]} Ra8
{[%clk 0:00:55]} 97. Rd5 {[%clk 0:00:33]} Ra6+ {[%clk 0:01:04]} 98. Kf5
{[%clk 0:00:51]} Ra8 {[%clk 0:01:13]} 99. Ke6 {[%clk 0:01:01]} Rg8
{[%clk 0:01:18]} 100. Kf5 {[%clk 0:00:35]} Ra8 {[%clk 0:01:03]} 101. Rd6
{[%clk 0:00:37]} Rg8 {[%clk 0:00:52]} 102. Kf6 {[%clk 0:00:53]} Ra8
{[%clk 0:00:50]} 103. Ke7 {[%clk 0:01:08]} Rf8 {[%clk 0:00:33]} 104. g7+ 1-0

[Event "msr2018"]
[Site "?"]
[Date "2018.04.24"]
[Round "5.6"]
[White "Bango, Lukas"]
[Black "Viczencz, Peter"]
[Result "1-0"]
[BlackElo "1837"]
[WhiteElo "2127"]
[LiveChessVersion "1.4.8"]

1. e4 {[%clk 1:30:56]} c5 {[%clk 1:30:49]} 2. Nf3 {[%clk 1:31:16]} e6
{[%clk 1:31:12]} 3. c3 {[%clk 1:31:35]} d5 {[%clk 1:31:13]} 4. exd5
{[%clk 1:31:56]} Qxd5 {[%clk 1:30:54]} 5. d4 {[%clk 1:32:13]} Nf6
{[%clk 1:31:04]} 6. Be2 {[%clk 1:29:24]} Nc6 {[%clk 1:29:24]} 7. O-O
{[%clk 1:29:26]} Be7 {[%clk 1:28:10]} 8. Be3 {[%clk 1:27:44]} cxd4
{[%clk 1:26:59]} 9. cxd4 {[%clk 1:28:05]} O-O {[%clk 1:26:53]} 10. Nc3
{[%clk 1:28:29]} Qa5 {[%clk 1:23:55]} 11. a3 {[%clk 1:26:04]} a6 {[%clk 1:18:05]}
12. Rc1 {[%clk 1:18:09]} Rd8 {[%clk 1:12:47]} 13. Qb3 {[%clk 1:17:19]} Nd5
{[%clk 1:07:21]} 14. Rfd1 {[%clk 1:14:40]} Bf6 {[%clk 1:02:58]} 15. Ne4
{[%clk 1:06:50]} Be7 {[%clk 0:53:10]} 16. Nc5 {[%clk 0:56:52]} Rb8
{[%clk 0:50:38]} 17. Ne5 {[%clk 0:49:26]} Nxe5 {[%clk 0:46:15]} 18. dxe5
{[%clk 0:49:49]} b6 {[%clk 0:44:28]} 19. Bd2 {[%clk 0:40:14]} Qxc5
{[%clk 0:42:47]} 20. Rxc5 {[%clk 0:40:32]} Bxc5 {[%clk 0:43:13]} 21. Bg5
{[%clk 0:32:55]} Rd7 {[%clk 0:39:53]} 22. Qg3 {[%clk 0:24:13]} Bb7
{[%clk 0:36:55]} 23. b4 {[%clk 0:24:32]} Bf8 {[%clk 0:37:15]} 24. f4
{[%clk 0:22:34]} Rc8 {[%clk 0:34:48]} 25. Bg4 {[%clk 0:15:23]} Rdc7
{[%clk 0:27:39]} 26. f5 {[%clk 0:13:18]} exf5 {[%clk 0:25:22]} 27. Bxf5
{[%clk 0:11:59]} Re8 {[%clk 0:25:37]} 28. h4 {[%clk 0:10:42]} Rc3
{[%clk 0:24:08]} 29. Rd3 {[%clk 0:10:42]} Rxd3 {[%clk 0:23:49]} 30. Bxd3
{[%clk 0:10:57]} a5 {[%clk 0:23:16]} 31. bxa5 {[%clk 0:09:07]} bxa5
{[%clk 0:23:20]} 32. Kh1 {[%clk 0:09:03]} Bc6 {[%clk 0:21:18]} 33. Be4
{[%clk 0:08:40]} Ne7 {[%clk 0:18:56]} 34. Bc2 {[%clk 0:08:13]} Ng6
{[%clk 0:17:19]} 35. Bxg6 {[%clk 0:08:05]} hxg6 {[%clk 0:17:38]} 36. Qc3
{[%clk 0:08:30]} Bd5 {[%clk 0:17:04]} 37. Qxa5 {[%clk 0:08:22]} Rxe5
{[%clk 0:17:16]} 38. Qd8 {[%clk 0:08:29]} Bc6 {[%clk 0:16:16]} 39. Qc8
{[%clk 0:08:39]} Rc5 {[%clk 0:09:35]} 40. Qd8 {[%clk 0:05:46]} Rd5
{[%clk 0:06:40]} 41. Qb8 {[%clk 0:03:37]} f6 {[%clk 0:06:18]} 42. Bf4
{[%clk 0:02:45]} Rd4 {[%clk 0:02:27]} 43. Kh2 {[%clk 0:01:33]} Ba4
{[%clk 0:00:43]} 44. Bg3 {[%clk 0:30:26]} Bc6 {[%clk 0:28:28]} 45. Qb3+
{[%clk 0:30:25]} Bd5 {[%clk 0:27:21]} 46. Qc3 {[%clk 0:29:15]} Rc4
{[%clk 0:25:03]} 47. Qd3 {[%clk 0:28:48]} Bf7 {[%clk 0:24:01]} 48. Qd8
{[%clk 0:28:31]} Re4 {[%clk 0:23:33]} 49. a4 {[%clk 0:28:03]} Re8
{[%clk 0:23:29]} 50. Qd7 {[%clk 0:27:01]} Re7 {[%clk 0:21:50]} 51. Qd4
{[%clk 0:25:08]} Be8 {[%clk 0:19:58]} 52. a5 {[%clk 0:25:00]} Kh7
{[%clk 0:20:17]} 53. Qd8 {[%clk 0:17:20]} Re2 {[%clk 0:19:26]} 54. Qc8
{[%clk 0:17:39]} Bb5 {[%clk 0:11:44]} 55. Qxf8 {[%clk 0:12:55]} Bc6
{[%clk 0:12:04]} 56. Qd6 {[%clk 0:12:28]} Bxg2 {[%clk 0:11:16]} 57. Kg1
{[%clk 0:12:36]} Ba8 {[%clk 0:10:14]} 58. a6 {[%clk 0:12:22]} Re8
{[%clk 0:10:14]} 59. Qd7 {[%clk 0:12:16]} Rg8 {[%clk 0:10:32]} 60. Kf2
{[%clk 0:11:57]} f5 {[%clk 0:10:09]} 61. Be5 {[%clk 0:11:58]} Be4
{[%clk 0:10:25]} 62. Kg3 {[%clk 0:12:13]} Kh6 {[%clk 0:10:05]} 63. Qf7
{[%clk 0:12:17]} 1-0

[Event "msr2018"]
[Site "?"]
[Date "2018.04.24"]
[Round "5.7"]
[White "Varga, Lukas"]
[Black "Pogadl, Jakub"]
[Result "1-0"]
[BlackElo "1632"]
[WhiteElo "1962"]
[LiveChessVersion "1.4.8"]

1. e4 {[%clk 1:30:58]} c5 {[%clk 1:30:48]} 2. Nf3 {[%clk 1:31:24]} Nc6
{[%clk 1:31:08]} 3. Nc3 {[%clk 1:30:11]} Nf6 {[%clk 1:31:14]} 4. Bb5
{[%clk 1:28:34]} d6 {[%clk 1:26:42]} 5. e5 {[%clk 1:26:51]} dxe5 {[%clk 1:23:31]}
6. Nxe5 {[%clk 1:27:12]} Bd7 {[%clk 1:21:58]} 7. Nxd7 {[%clk 1:27:27]} Qxd7
{[%clk 1:22:10]} 8. a4 {[%clk 1:20:12]} a6 {[%clk 1:19:01]} 9. Bc4
{[%clk 1:19:52]} e6 {[%clk 1:18:35]} 10. O-O {[%clk 1:18:05]} Bd6
{[%clk 1:17:59]} 11. d3 {[%clk 1:16:02]} O-O {[%clk 1:17:01]} 12. Ne4
{[%clk 1:13:39]} Nxe4 {[%clk 1:14:48]} 13. dxe4 {[%clk 1:14:03]} Qc7
{[%clk 1:14:07]} 14. Qh5 {[%clk 1:06:48]} Ne5 {[%clk 1:03:05]} 15. Be2
{[%clk 1:02:36]} Qc6 {[%clk 0:56:51]} 16. f4 {[%clk 0:48:18]} Ng6
{[%clk 0:50:33]} 17. Ra3 {[%clk 0:46:38]} Qxe4 {[%clk 0:41:04]} 18. Rh3
{[%clk 0:46:04]} h6 {[%clk 0:40:29]} 19. Bd3 {[%clk 0:43:16]} Qd4+
{[%clk 0:37:11]} 20. Be3 {[%clk 0:41:47]} Qf6 {[%clk 0:27:13]} 21. f5
{[%clk 0:41:02]} Ne5 {[%clk 0:25:39]} 22. fxe6 {[%clk 0:39:18]} Qxe6
{[%clk 0:25:52]} 23. Bf5 {[%clk 0:38:48]} Qd5 {[%clk 0:21:57]} 24. Bxh6
{[%clk 0:30:46]} g6 {[%clk 0:20:08]} 25. Qh4 {[%clk 0:28:10]} Qd4+
{[%clk 0:16:19]} 26. Qxd4 {[%clk 0:26:57]} cxd4 {[%clk 0:16:42]} 27. Bxf8
{[%clk 0:24:24]} Bxf8 {[%clk 0:15:00]} 28. Be4 {[%clk 0:24:06]} Rb8
{[%clk 0:14:20]} 29. Rb3 {[%clk 0:23:29]} b6 {[%clk 0:14:15]} 30. a5
{[%clk 0:21:26]} b5 {[%clk 0:13:38]} 31. Rf6 {[%clk 0:21:05]} Bc5
{[%clk 0:12:26]} 32. Kh1 {[%clk 0:17:20]} Ng4 {[%clk 0:11:20]} 33. Rf4
{[%clk 0:12:57]} Ne3 {[%clk 0:10:36]} 34. Rd3 {[%clk 0:03:54]} Re8
{[%clk 0:08:35]} 35. b4 {[%clk 0:01:05]} Bd6 {[%clk 0:05:15]} 36. Bc6
{[%clk 0:01:20]} Rc8 {[%clk 0:01:47]} 37. Rfxd4 {[%clk 0:01:26]} Rxc6
{[%clk 0:01:46]} 38. Rxd6 {[%clk 0:00:51]} Rxc2 {[%clk 0:02:04]} 39. h4
{[%clk 0:01:16]} Nxg2 {[%clk 0:00:55]} 40. Rd2 {[%clk 0:00:52]} Rxd2
{[%clk 0:01:14]} 41. Rxd2 {[%clk 0:01:18]} Nxh4 {[%clk 0:01:39]} 42. Rd6
{[%clk 0:01:36]} f5 {[%clk 0:29:50]} 43. Rxa6 {[%clk 0:32:41]} f4
{[%clk 0:29:50]} 44. Rd6 {[%clk 0:31:45]} f3 {[%clk 0:29:07]} 45. a6
{[%clk 0:32:03]} Kf7 {[%clk 0:29:05]} 46. a7 {[%clk 0:32:24]} f2 {[%clk 0:29:22]}
47. Rd1 {[%clk 0:32:46]} Nf5 {[%clk 0:29:11]} 48. a8=Q {[%clk 0:33:07]} Ng3+
{[%clk 0:29:37]} 49. Kg2 {[%clk 0:33:13]} 1-0